[Event "MPL National Senior Chess-ch 2022"]
[Site "Kanpur"]
[Date "2022.02.25"]
[Round "1.9"]
[White "Aryan Chopra"]
[Black "Sumit, Grover"]
[Result "1-0"]
[WhiteElo "2585"]
[BlackElo "2004"]
[Annotator "TA"]
[PlyCount "72"]
[EventDate "2022.02.25"]
[EventCountry "IND"]
[SourceTitle "playchess.com"]
[Source "ChessBase"]
[SourceQuality "1"]

{[%evp 12,72,31,25,30,17,36,28,35,44,41,33,38,42,36,40,81,80,85,93,168,92,95,94,112,112,125,125,118,118,122,103,155,155,155,155,155,155,155,155,176,118,118,118,263,263,419,412,470,448,485,511,485,504,701,695,1212,1216,1232,1193,1154,1089,1141]} 1. e4 c6 2. d4 d5 3. e5 Bf5 4. Nf3 e6 5. Be2 Nd7 6. O-O Ne7 7. Nbd2 h6 {B12: Caro-Kann: Advance Variation.} 8. Nb3 Bh7 9. a4 Nf5 {White has an edge.} 10. a5 a6 11. c4 Be7 12. Bd2 O-O 13. Rc1 Nh4 (13... dxc4 $14 {feels stronger.} 14. Bxc4 c5) 14. Nxh4 $16 {Strongly threatening Nf3.} Bxh4 15. cxd5 {[#]} exd5 $146 (15... cxd5 $16 {was necessary.} 16. Bb4 Be7 17. Bxe7 Qxe7) ({Predecessor:} 15... cxd5 16. Bb4 Be7 17. Qd2 Nb8 18. Bxe7 Qxe7 19. Nc5 Nc6 20. b4 Rfc8 21. Rfe1 Bf5 {1-0 (40) Hillarp Persson,T (2618)-Hanninger,S (2167) Kungsor 2009}) 16. Bb4 ({Better is} 16. f4 $18) 16... Be7 17. Qd2 Re8 18. Bg4 Nf8 19. Bxe7 Qxe7 20. Nc5 Rab8 21. Rfe1 {White is much more active.} Ne6 (21... Qh4 $142 22. f3 Ne6) 22. Bxe6 fxe6 23. Re3 Rbc8 24. Rb3 Rc7 25. Rcc3 Qf7 {[#]} 26. Rb6 (26. Rg3 $1 $18) 26... Ree7 27. Rf3 Qg6 {This costs Black the game.} (27... Qh5 $16 {might work better.}) 28. h3 $18 Rf7 (28... h5 {is a better defense.} 29. Rg3 (29. Qf4 Qe8 $16) 29... Qf7) 29. Rxf7 Qxf7 {[#]} 30. Nxa6 $1 {[%mdl 512] White is clearly winning.} Re7 31. Nc5 Bg6 32. Qe3 Kh7 33. Qf3 {Prevents Be4. Black must now prevent Qxf7.} Qxf3 34. gxf3 Bf5 35. Rxb7 Re8 36. a6 Rh8 {Weighted Error Value: White=0.06 (flawless) /Black=0.29 (precise)} 1-0

[Event "MPL National Senior Chess-ch 2022"]
[Site "Kanpur"]
[Date "2022.02.25"]
[Round "1.10"]
[White "Choubey Saurabh"]
[Black "Lalith Babu M R"]
[Result "0-1"]
[WhiteElo "1993"]
[BlackElo "2563"]
[Annotator "TA"]
[PlyCount "56"]
[EventDate "2022.02.25"]
[EventCountry "IND"]
[SourceTitle "playchess.com"]
[Source "ChessBase"]
[SourceQuality "1"]

{[%evp 10,56,16,-12,20,24,23,6,0,-1,1,0,0,3,4,0,0,-28,-22,-24,-29,0,-18,-15,-9,-44,-37,-49,-28,-48,-68,-108,-107,-93,-103,-108,-108,-309,-302,-297,-289,-355,-364,-360,-343,-335,-341,-366,-357]} 1. c4 c5 2. g3 g6 3. Bg2 Bg7 4. Nc3 Nc6 5. Nf3 d6 6. d3 Bf5 {A37: Symmetrical English vs ...g6: 4 Bg2 Bg7 5 Nf3.} 7. Bd2 {is the legacy move (7.0-0).} Qd7 {[#]} 8. h4 $146 ({Predecessor:} 8. h3 h6 9. e4 Be6 10. Rb1 Rb8 11. a3 a6 12. b4 cxb4 13. axb4 b5 14. cxb5 axb5 {1-0 (41) Moussard,J (2571)-Cheparinov,I (2699) Caleta 2018}) 8... Nf6 {The position is equal.} 9. a3 O-O 10. Rb1 Bg4 11. b4 Rac8 12. O-O Bh3 13. Ng5 Bxg2 14. Kxg2 d5 15. cxd5 Nxd5 16. Nxd5 Qxd5+ 17. Kg1 cxb4 18. axb4 Nd4 19. Be3 Nb5 20. Qb3 Qxb3 {Black is more active.} 21. Rxb3 Rc2 22. Re1 Bc3 $36 {[%mdl 2048] Black has strong initiative.} 23. Rc1 {Now White is beyond hope.} (23. Rd1 $17) 23... Rxc1+ $19 24. Bxc1 {[#]} Nd4 $1 {[%csl LRb3,LRe2]} 25. Rb1 (25. Ra3 Bxb4) 25... Nxe2+ 26. Kf1 Nxc1 27. Rxc1 Bxb4 28. Rc7 Rb8 {Weighted Error Value: White=0.24 (precise) /Black=0.02 (flawless)} 0-1

[Event "MPL National Senior Chess-ch 2022"]
[Site "Kanpur"]
[Date "2022.02.25"]
[Round "1.11"]
[White "Sankalp Gupta"]
[Black "Parthasarathy R"]
[Result "1/2-1/2"]
[WhiteElo "2536"]
[BlackElo "1345"]
[Annotator "TA"]
[PlyCount "91"]
[EventDate "2022.02.25"]
[EventCountry "IND"]
[SourceTitle "playchess.com"]
[Source "ChessBase"]
[SourceQuality "1"]

{[%evp 19,91,23,29,25,27,22,27,30,35,26,19,8,21,12,16,8,14,20,39,14,16,4,14,6,10,3,4,9,2,14,9,-79,-60,-89,-92,-103,-110,-114,-111,-102,-102,-122,-135,-123,-123,-216,-210,-253,-260,-258,-258,-232,-239,-237,-196,-274,-273,-324,-291,-343,-335,-307,-269,-237,-206,-490,-484,-453,-394,-374,-336,-307,0,-361]} 1. e4 e5 2. Nf3 Nc6 3. Bb5 a6 4. Ba4 d6 5. O-O Bd7 6. c3 g6 7. d4 Bg7 8. dxe5 Nxe5 9. Nxe5 dxe5 10. Be3 $1 {[%mdl 4] is more profitable than 10.f4 at the moment.} Nf6 11. Nd2 {C76: Ruy Lopez: Deferred Steinitz: 5 c3 Bd7 6 d4 g6.} O-O 12. f3 {To avoid Ng4} Bxa4 13. Qxa4 {White has an edge.} Qd3 14. Rfe1 (14. Kf2 {is more complex.} Rfd8 15. Rfd1 Qb5 16. Qb3 b6 17. Nc4) 14... Rfd8 15. Rad1 {aiming for Nc4.} Qb5 16. Qc2 Nd7 {[#]} 17. b3 $146 ({Predecessor:} 17. c4 Qc6 18. Nb3 Qa4 19. c5 Nf8 20. Rc1 Ne6 21. c6 bxc6 22. Qxc6 Qxa2 23. Qc3 {½-½ (45) James,A (2069)-Swindells,J (2144) England 2014}) 17... Nc5 18. Nc4 b6 19. Rxd8+ Rxd8 20. Rd1 Rxd1+ 21. Qxd1 {Black must now prevent Qd8+.} Qd7 {Inhibits Qd8+.} 22. Qd5 Qxd5 23. exd5 $11 {[%mdl 4096] Endgame KBN-KBN} Nd7 $1 24. Kf2 f5 25. d6 {[#]} (25. Ke2 $11) 25... c5 $1 $17 26. b4 {[%cal Oc4b6]} Kf7 27. bxc5 bxc5 28. Bg5 Ke6 29. Be7 Bf6 30. Na5 Bxe7 31. dxe7 Kxe7 {KN-KN} 32. Nb7 (32. Ke3 $17) 32... c4 $19 33. Ke3 Ke6 34. Nd8+ Kd5 35. Nf7 Nf6 36. Ng5 Kc5 37. h4 (37. Ne6+ {might work better.} Kd6 38. Ng5) 37... Kd5 38. g3 Kd6 39. Nf7+ {[#]} Ke6 $1 40. Ng5+ Kd5 41. Ke2 e4 42. f4 $2 (42. fxe4+ Nxe4 43. Nxh7) 42... Kc5 43. Kd2 Kd6 44. Nf7+ Kd5 45. Ng5 Kd6 46. Nf7+ {[%mdl 32768] Weighted Error Value: White=0.26 (precise) /Black=0.15 (very precise) . An unexpected result.} 1/2-1/2

[Event "MPL National Senior Chess-ch 2022"]
[Site "Kanpur"]
[Date "2022.02.25"]
[Round "1.12"]
[White "Sharsha Backer"]
[Black "Sengupta, Deep"]
[Result "0-1"]
[WhiteElo "1991"]
[BlackElo "2528"]
[Annotator "TA"]
[PlyCount "82"]
[EventDate "2022.02.25"]
[EventCountry "IND"]
[SourceTitle "playchess.com"]
[Source "ChessBase"]
[SourceQuality "1"]

{[%evp 13,82,12,26,29,41,38,33,21,21,30,18,17,22,17,10,5,4,-140,57,49,51,32,40,31,48,41,55,63,53,52,72,65,71,10,14,5,14,-30,-12,-20,-12,0,0,0,48,0,14,-108,-108,-114,-52,-76,-77,-135,-21,-127,-106,-565,-623,-579,-639,-637,-613,-1045,-870,-1183,-27,-1342,-828,-808,-768]} 1. d4 Nf6 2. c4 e6 3. Nf3 d5 4. Nc3 Bb4 5. Qa4+ Nc6 6. e3 O-O 7. Bd2 a6 8. a3 {D38: Queen's Gambit Declined: Ragozin Defence (4 Nf3 Bb4).} Be7 9. Qc2 Re8 10. Bd3 {White is slightly better.} dxc4 11. Bxc4 Bd6 12. O-O h6 13. Rad1 Qe7 {[#]} 14. Rfe1 $146 ({Predecessor:} 14. Ne2 e5 15. dxe5 Nxe5 16. Nxe5 Bxe5 17. Bb4 c5 18. Bxc5 Qc7 19. f4 Bxb2 20. Bd6 Qb6 21. Bc5 Qc7 22. Bd6 Qb6 23. Bc5 {½-½ (22) Hernando Rodrigo,J (2318)-Suarez Gomez,J (2429) Linares 2016}) 14... e5 $1 {And now ...e4 would win.} 15. d5 {[#]} (15. Nd5 $11 Nxd5 16. Bxd5) 15... Nb8 $2 (15... e4 $1 $17 16. dxc6 (16. Nxe4 Qxe4) 16... exf3 17. gxf3 Qe5) 16. e4 $36 {[%mdl 2048] White has the initiative.} Nbd7 {[%cal Bb8d7,Bd7f8,Bf8g6,Bg6f4][%mdl 32]} 17. h3 Nf8 18. Ne2 N6h7 19. Ng3 Qf6 {[%cal Oc8h3]} 20. Be2 Ng6 21. Nh2 Nf4 22. Bg4 g6 23. Qc3 ({Better is} 23. Ne2 $16) 23... h5 $11 24. Bxc8 Raxc8 25. Ngf1 (25. Ne2 $142) 25... c6 26. Bxf4 exf4 27. Qb3 Ng5 28. dxc6 {Threatens to win with h4.} Rxc6 (28... b5 $1 $11 {might be stronger.}) 29. Qxb7 (29. h4 $1 $14 {is more appropriate.} Nh7 30. Qxb7) 29... f3 {[%cal Of3g2] Hoping for ...fxg2!} 30. Nxf3 (30. e5 $1 $11 {remains equal.} Bxe5 31. h4) 30... Nxf3+ $17 31. gxf3 Be5 (31... Rc2 $17 {( -> ...Qg5+)} 32. Qd5 Qxf3 $1) 32. Qd7 Rec8 33. b4 (33. Kg2 $142) 33... Qxf3 (33... Kg7 $17 {...Qg5+ is the strong threat.} 34. Ne3 (34. Rd5 $2 R6c7 $19) 34... Qxf3) 34. Qd3 (34. Rd3 $11 Qf4 35. Rg3) 34... Qf6 {aiming for ...Rc3. Black is much more active.} 35. Qe3 {[%mdl 8192] [#]} (35. Re3 $17) 35... Rc3 $1 $19 {[%mdl 64] Skewer} 36. Rd3 Rxd3 37. Qxd3 Qg5+ 38. Kh1 Rc3 39. Qd7 Kg7 $2 ({Black should play} 39... Qf6 $19 40. Qe8+ Kh7 41. Qxe5 Qxe5) 40. a4 $2 {[%mdl 8192]} (40. Re3 $11) 40... Rc2 41. Qa7 Qf6 {Weighted Error Value: White=0.78/Black=0.47} 0-1

[Event "MPL National Senior Chess-ch 2022"]
[Site "Kanpur"]
[Date "2022.02.25"]
[Round "1.13"]
[White "Visakh N R"]
[Black "Gurung, Rahul"]
[Result "1-0"]
[WhiteElo "2522"]
[BlackElo "1978"]
[Annotator "TA"]
[PlyCount "71"]
[EventDate "2022.02.25"]
[EventCountry "IND"]
[SourceTitle "playchess.com"]
[Source "ChessBase"]
[SourceQuality "1"]

{[%evp 18,71,23,22,32,30,46,34,43,23,25,20,19,8,0,0,12,13,9,32,29,29,24,16,56,51,63,53,71,73,98,66,237,237,238,231,286,295,285,284,272,281,281,274,307,284,332,264,268,275,367,369,512,496,505,380]} 1. d4 d5 2. c4 e6 3. Nc3 Nf6 4. Nf3 c6 5. e3 Nbd7 6. Qc2 a6 7. b3 Bd6 8. Bb2 O-O 9. Be2 Re8 10. O-O Qe7 {D45: Semi-Slav: 5 e3.} 11. Rad1 h6 {[#]} 12. Rfe1 $146 ({Predecessor:} 12. e4 dxe4 13. Nxe4 Nxe4 14. Qxe4 Nf6 15. Qh4 Rb8 16. Ne5 c5 17. Bf3 Nh7 18. Qxe7 Bxe7 19. dxc5 Bxc5 {½-½ (62) Iliushkin,E (2304)-Grinberg,I (2165) Plovdiv 2013}) 12... Bb4 {White is slightly better.} 13. Qc1 Ne4 14. Nd2 Ndf6 15. Bf3 {[%cal Rf3e4]} Nxd2 16. Rxd2 b5 17. Rc2 bxc4 18. bxc4 Bd7 19. Rd1 Rab8 ({Don't play} 19... dxc4 20. Na4 $16) 20. Na4 {[%cal Oa4c5]} Rec8 21. c5 Rc7 22. Be2 Bc8 23. Nb6 Ra7 24. Bc3 {White is more active.} a5 {[#] A mistake that costs the game.} ({Black should try} 24... Bxc3 $14 25. Rxc3 e5) 25. Ba1 $1 $18 a4 26. Qb1 Ba5 {[#]} 27. Nxd5 {[%mdl 512]} exd5 28. Qxb8 Qd7 29. Qb1 Bc7 30. Bc3 Qe7 31. Rb2 Ng4 32. Bxg4 Bxg4 33. Re1 g6 34. e4 {Black must now prevent exd5.} Qg5 35. Bd2 Qh4 36. g3 {Weighted Error Value: White=0.07 (flawless) /Black=0.32} 1-0

[Event "MPL National Senior Chess-ch 2022"]
[Site "Kanpur"]
[Date "2022.02.25"]
[Round "1.14"]
[White "Pattnayak Nilsu"]
[Black "Deepan Chakkravarthy J."]
[Result "0-1"]
[WhiteElo "1976"]
[BlackElo "2520"]
[Annotator "TA"]
[PlyCount "106"]
[EventDate "2022.02.25"]
[EventCountry "IND"]
[SourceTitle "playchess.com"]
[Source "ChessBase"]
[SourceQuality "1"]

{[%evp 23,106,0,12,10,9,6,26,29,35,35,26,30,32,30,64,18,14,0,55,0,33,35,42,41,32,27,40,14,14,18,67,66,69,37,54,0,60,0,58,0,82,0,57,16,46,29,29,10,10,12,15,0,0,0,14,0,0,-39,0,-47,0,-54,-66,-66,-56,-77,-68,-463,-452,-468,-465,-470,-450,-764,-638,-951,-940,-1176,-1162,-1114,-1047,-29984,-29985,-29998,-29999]} 1. e4 {[%cal Be2e4,Be4e5][%mdl 32]} Nf6 2. e5 Nd5 3. d4 d6 4. c4 Nb6 5. exd6 cxd6 6. Nf3 g6 7. Be3 Bg7 8. Nc3 O-O 9. Be2 Nc6 10. O-O Bg4 11. b3 d5 12. c5 Nc8 13. Ne5 {B04: Alekhine's Defence: 4 Nf3.} Bxe2 {[#]} 14. Nxc6 $1 {[#]} Bxd1 $146 (14... bxc6 15. Nxe2) ({Predecessor:} 14... bxc6 15. Qxe2 e6 16. Rad1 Qa5 17. Qd2 Rb8 18. Ne2 Qxd2 19. Rxd2 Re8 20. f4 h5 {0-1 (58) Vazquez Maccarini,D (2142)-Boric,E (2216) Baku 2016}) 15. Nxd8 {White has an edge.} Bxb3 {...Bc4 is the strong threat.} 16. Nxb7 ({Reject} 16. axb3 Rxd8 17. Rfd1 e6 $15) 16... Bc4 17. Rfd1 e6 18. Na5 Ba6 19. Nc6 (19. a4 $14) 19... Bb7 $11 {This bishop pair is nice.} 20. Na5 (20. Nb4 $11 Ne7 21. Rab1) 20... Ba6 $1 $14 21. Nc6 ({White should try} 21. a4 $14) 21... Re8 (21... Bb7 $5 {[%cal Rb7c6]} 22. Ne5 Bxe5 23. dxe5 Ne7 $11) 22. Rab1 $36 {[%mdl 2048] White has good play.} Ne7 23. Nxe7+ Rxe7 24. Rb4 Bb7 25. Nb5 Bc6 {[#] aiming for ...Rb7.} 26. Nd6 {To avoid Rb7} Rd7 (26... e5 $11) 27. Rdb1 f6 28. Nb7 Rc8 29. Nd6 Ra8 30. Nb7 Rc8 $1 31. Nd6 (31. f4 $14) 31... Rf8 (31... Ra8 $1 $11) 32. Nb7 (32. R1b3 $16) 32... Rc7 (32... Rc8 $1 $11) 33. Na5 (33. g3 $14) 33... Ba8 34. Rb8 Rcc8 35. Rxc8 Rxc8 36. Kf1 e5 37. Ke2 Kf7 38. Kd3 Ke6 39. f3 Bf8 40. Rc1 Be7 41. Rc2 (41. c6 $11 {is more appropriate.}) 41... h5 (41... e4+ $15 42. Ke2 Bd8) 42. g3 (42. c6 $11) 42... Bd8 43. Bd2 g5 {[%cal Bg6g5,Bg5g4,Bg4f3][%mdl 32]} 44. Bb4 g4 45. Rf2 {[%mdl 8192] Loses the game.} (45. dxe5 $15 Rb8 46. c6 Rxb4 47. c7 Bxc7 48. Rxc7) 45... gxf3 $19 46. Ke3 e4 47. Rc2 f5 48. a3 (48. Nb3 $142 Bg5+ 49. Kf2) 48... Bc7 49. Rb2 h4 50. Be1 f4+ 51. gxf4 Kf5 {White must now prevent ...Rg8.} 52. h3 Rg8 53. Rb5 Rg2 {Weighted Error Value: White=0.73/Black=0.14 (very precise)} 0-1

[Event "MPL National Senior Chess-ch 2022"]
[Site "Kanpur"]
[Date "2022.02.25"]
[Round "2.1"]
[White "Sai Agni Jeevitesh, J."]
[Black "Adhiban, B.."]
[Result "0-1"]
[WhiteElo "2316"]
[BlackElo "2648"]
[Annotator "TA"]
[PlyCount "64"]
[EventDate "2022.02.25"]
[EventCountry "IND"]
[SourceTitle "playchess.com"]
[Source "ChessBase"]
[SourceQuality "1"]

{[%evp 22,64,0,0,0,0,0,0,0,0,12,14,16,-80,-72,-75,-76,-84,-81,-91,-89,-92,-78,-74,-74,-86,-75,-75,-75,-96,-85,-68,-43,-75,-37,-33,-13,-62,-46,-16,-29,-162,-156,-155,-161]} 1. d4 Nf6 2. Nf3 d6 3. Nbd2 Bf5 4. g3 h6 5. Bg2 d5 6. O-O c6 7. c4 e6 8. Re1 Nbd7 9. b3 Be7 10. Bb2 O-O 11. Ne5 a5 12. a3 Nxe5 {D11: Slav Defence: 3 Nf3 sidelines and 3...Nf6 4 e3 Bg4.} 13. dxe5 Ne4 14. Nxe4 dxe4 {The position is equal.} 15. e3 Qb6 16. Qc2 Rfd8 {[#]} 17. Bxe4 $146 (17. Bc3 $11) ({Predecessor:} 17. Bd4 c5 18. Bc3 a4 19. bxa4 Qa6 20. Bxe4 Qxc4 21. Bxf5 exf5 22. a5 Rd3 23. Rec1 {½-½ (55) Vijayalakshmi,S (2387)-Zubarev,A (2590) Borup 2012}) 17... Bxe4 $17 18. Qxe4 Qxb3 19. Reb1 Rd7 {Black is more active.} 20. a4 {[%cal Ob2a3]} Rad8 {Threatens to win with ...Rd1+.} 21. Kg2 {[%cal Ob2a3]} Qd3 {To avoid Ba3} (21... Bb4 {looks sharper.} 22. Ba3 Qc3 23. Rc1 f5 24. Qb1 Qxe5 25. Bxb4 axb4 26. Qxb4 Rd2) 22. Qxd3 Rxd3 23. Bd4 Bb4 {And now ...c5 would win.} 24. c5 Rd2 {Prevents Ra2.} 25. Rc1 Rd5 26. g4 h5 27. h3 hxg4 28. hxg4 Kh7 29. Kf3 (29. Kg3 $11) 29... Kg6 $15 30. Kg3 Rd3 31. f3 {[#]} (31. Kf4 $11 {and White stays safe.}) 31... f6 $1 $19 32. exf6 gxf6 {Weighted Error Value: White=0.26 (precise) /Black=0.06 (flawless)} 0-1

[Event "MPL National Senior Chess-ch 2022"]
[Site "Kanpur"]
[Date "2022.02.25"]
[Round "2.2"]
[White "Erigaisi Arjun"]
[Black "Ayush Sharma"]
[Result "1-0"]
[WhiteElo "2633"]
[BlackElo "2302"]
[Annotator "TA"]
[PlyCount "81"]
[EventDate "2022.02.25"]
[EventCountry "IND"]
[SourceTitle "playchess.com"]
[Source "ChessBase"]
[SourceQuality "1"]

{[%evp 10,81,34,24,40,30,39,-18,23,-78,34,-51,65,49,49,51,50,50,50,43,47,35,40,41,100,89,170,162,160,164,160,133,256,240,471,472,446,445,543,589,621,647,541,194,710,694,648,548,661,643,641,647,628,608,1058,1033,1002,946,2049,1999,1867,1864,1833,1830,1760,1633,6177,6179,5389,5273,2775,2509,29997,29990]} 1. d4 Nf6 2. Bg5 c5 3. d5 Ne4 4. Bf4 Qb6 5. Bc1 g6 6. f3 Nd6 {A45: Trompowsky Attack.} 7. e4 Bg7 8. Nd2 ({Better is} 8. c3 $14) 8... O-O (8... e6 $142) 9. Bd3 {[#]} (9. a4 $11) 9... f5 (9... Qa5 $1 $17) 10. c4 {[#]} (10. c3 $14) 10... e5 $146 ({Much less strong is} 10... Bxb2 11. Rb1 Bxc1 12. Rxb6 Bxd2+ 13. Qxd2 $16) (10... Na6 $1 $15) ({Predecessor:} 10... fxe4 11. fxe4 Nf7 12. Ngf3 d6 13. O-O Nd7 14. Rb1 Nf6 15. Qe1 Bd7 16. Nb3 Ng4 {0-1 (53) Pankov,G (2384)-Vachier Lagrave,M (2684) Dagomys 2009}) 11. Ne2 f4 12. Nc3 Qd8 13. Qe2 Nf7 14. b3 d6 15. Bb2 Qh4+ 16. Kd1 g5 (16... Na6 $14) 17. Kc2 g4 (17... Na6 $16 {might work better.}) 18. Rag1 $18 Na6 19. a3 {Prevents Nb4+.} Ng5 20. Nb5 {[%cal Bc3b5,Bb5d6,Bd6f5][%mdl 32] Prevents Nc7.} Rf6 (20... gxf3 $16 {was worth a try.} 21. Nxf3 Nxf3 22. gxf3 Qf6) 21. g3 Qh5 (21... Qh6 22. gxf4 (22. fxg4 f3 $17) 22... Rxf4) 22. gxf4 Rxf4 23. Nxd6 gxf3 24. Qe3 {[%cal Oh2h4] h4! is the strong threat.} Bh3 25. Nf5 Bf6 {[#]} 26. Rg3 $2 (26. Qxf4 $3 {[%mdl 512]} exf4 27. Bxf6) 26... Bg2 $2 (26... Kf8 27. Bf1 Bxf5 28. exf5 Re8) 27. Rg1 {Threatens to win with h4.} Qxh2 28. Qf2 Kf8 {[#]} 29. Rxg5 {[%mdl 576] Deflection} Bxg5 30. Bxe5 Re8 31. Bd6+ Kf7 {[#]} 32. Nxf3 $1 {[%mdl 512]} Rxf3 {[#]} 33. Qxf3 $1 {[%mdl 576] Pin} Qxg1 (33... Bxf3+ 34. Bxh2) 34. Qh5+ {[%mdl 64] Skewer, Double Attack} Kf6 35. e5+ {[%mdl 64] Overworked Piece} Rxe5 36. Bxe5+ Kxe5 37. Qxg5 {White wants to mate with Qg3+.} Qf2+ 38. Kc3 {Threatening mate with Nd4+.} Qe1+ 39. Kb2 {Qe7+ would kill now.} Qf2+ 40. Bc2 {And now Ne3+ would win.} Bf3 41. Nh4+ {Weighted Error Value: White=0.37/Black=0.76} 1-0

[Event "MPL National Senior Chess-ch 2022"]
[Site "Kanpur"]
[Date "2022.02.25"]
[Round "2.3"]
[White "Sharan, Rao"]
[Black "Gupta, Abhijeet"]
[Result "0-1"]
[WhiteElo "2292"]
[BlackElo "2628"]
[Annotator "TA"]
[PlyCount "52"]
[EventDate "2022.02.25"]
[EventCountry "IND"]
[SourceTitle "playchess.com"]
[Source "ChessBase"]
[SourceQuality "1"]

{[%evp 14,52,-18,-7,-13,-10,0,-3,-8,-20,-13,-20,0,-12,-20,-17,-5,-17,0,-6,-25,-19,0,0,0,0,0,-173,-182,-293,-329,-321,-318,-313,-303,-1613,-1434,-4978,-2966,-5477,-5373]} 1. Nf3 Nf6 2. b3 g6 3. Bb2 Bg7 4. e3 c5 5. Be2 d5 6. d4 cxd4 7. Nxd4 O-O 8. O-O Re8 {D04: Colle System.} 9. c4 e5 10. Nf3 Nc6 {[%cal Od5d4] The position is equal.} 11. Na3 d4 12. exd4 exd4 13. Nb5 {[%cal Rf3d4]} ({Of course not} 13. Nxd4 Nxd4 14. Bxd4 {[#]} Rxe2 $1 {[%mdl 512]} 15. Qxe2 Qxd4 $17) 13... Nh5 14. Nfxd4 Nf4 $1 $36 {[%mdl 2048] Black has good play.} (14... Rxe2 $2 15. Qxe2 Nf4 16. Qe3 Bxd4 17. Nxd4 $18) 15. Bf3 Ne5 {Hoping for ...a6.} 16. Bc1 {[#]} Nh3+ $146 ({Predecessor:} 16... Nxf3+ 17. Qxf3 Ne2+ 18. Nxe2 Bxa1 19. Nbc3 Qa5 20. Bh6 Bxc3 21. Nxc3 Qf5 22. Qd1 Qe5 {½-½ (56) Sharan,R (2179)-Ali,M (2399) Sitges 2021}) 17. gxh3 {aiming for Bg2.} a6 18. Bg2 {Nc3 is the strong threat.} axb5 19. Nxb5 Qh4 20. a4 $2 (20. Nc7 $11 Bxh3 21. Nxa8 (21. Bxh3 $2 Qxh3 22. f3 Nc6 $19) 21... Bxg2 22. Kxg2 Rxa8 23. a4) 20... Bxh3 $19 21. Ra2 (21. Nd6 $142 Rad8 22. c5) 21... Rad8 22. Rd2 Bxg2 23. Kxg2 Nd3 24. f3 $2 {[#]} (24. Rxd3 Qe4+ 25. Qf3 Rxd3 26. Be3) 24... Be5 $1 {[%csl Ge5][%cal Rh4h2] Black is clearly winning.} 25. Kg1 (25. Kh1 Bf4) 25... Bf4 26. Nc3 Nxc1 {Weighted Error Value: White=1.06/Black=0.02 (flawless)} 0-1

[Event "MPL National Senior Chess-ch 2022"]
[Site "Kanpur"]
[Date "2022.02.25"]
[Round "2.4"]
[White "Karthikeyan, Murali"]
[Black "Navalgund, Niranjan"]
[Result "1-0"]
[WhiteElo "2622"]
[BlackElo "2289"]
[Annotator "TA"]
[PlyCount "113"]
[EventDate "2022.02.25"]
[EventCountry "IND"]
[SourceTitle "playchess.com"]
[Source "ChessBase"]
[SourceQuality "1"]

{[%evp 14,113,22,14,26,16,14,27,31,31,41,45,40,37,50,22,43,28,39,22,45,29,29,30,29,35,53,38,38,30,37,8,39,39,39,0,0,0,9,9,31,31,31,0,0,4,39,0,0,0,31,31,31,31,31,31,31,31,36,14,16,16,32,32,50,48,49,43,43,42,39,41,129,24,107,107,107,27,27,27,27,27,27,27,67,27,27,27,86,81,74,81,87,68,66,64,152,145,251,238,235,185]} 1. e4 e5 2. Nf3 Nc6 3. Bb5 {[%cal Bf1b5,Bb5a4,Ba4b3][%mdl 32]} a6 4. Ba4 Nf6 5. O-O Be7 6. d3 b5 7. Bb3 d6 8. a4 {Threatens to win with axb5.} Bg4 {C84: Closed Ruy Lopez: Unusual White 6th moves.} 9. Be3 O-O 10. h3 {[#]} Bxf3 $146 {White has an edge.} ({Predecessor:} 10... Bd7 11. Nc3 Na5 12. Ba2 b4 13. Nd5 Nxd5 14. Bxd5 c6 15. Ba2 Rb8 16. Nd2 Be6 17. Bxe6 fxe6 {½-½ (33) Tomashevsky,E (2708)-Hansen,E (2606) Chess.com INT 2022}) 11. Qxf3 Nd4 12. Bxd4 exd4 13. Nd2 Nd7 14. Qg3 c6 15. Nf3 Qb6 16. Rfe1 Rae8 17. e5 dxe5 18. Nxe5 Nxe5 19. Qxe5 Qd8 {Strongly threatening ...Bb4.} 20. Qf4 Bf6 21. Rxe8 Rxe8 22. g4 h6 23. axb5 axb5 24. Kg2 (24. Ra6 $5 {[%cal Ra6c6]}) 24... Qd7 25. Qg3 Be5 26. Qf3 Bf6 27. Ra6 Rc8 28. Qe4 Qb7 29. Ra1 Qd7 30. Qf3 Re8 31. Ra6 Rc8 32. Qf5 Qxf5 33. gxf5 $14 {[%mdl 4096] Endgame KRB-KRB} Rc7 {To avoid Ra7} 34. Ra8+ Kh7 35. Rf8 g6 36. fxg6+ Kxg6 37. Kf3 c5 38. Bd5 c4 39. Rg8+ Bg7 $1 40. Rb8 Rc5 41. Rd8 f5 42. Rd6+ Kh7 (42... Bf6 $14) 43. b4 (43. Kf4 $16) 43... cxd3 44. cxd3 $16 (44. bxc5 $2 {too greedy.} dxc2 45. Be6 (45. Bg8+ $2 Kxg8 46. Ke2 c1=Q $19) 45... c1=Q $19) 44... Rc3 {[#]} 45. Be6 (45. Kf4 $1 $16) 45... Rxd3+ $11 46. Ke2 Ra3 $1 47. Bxf5+ Kg8 48. Rb6 Bf8 49. Be6+ Kg7 50. Rxb5 Ra4 {[#]} (50... Be7 $11 {keeps the balance.}) 51. Rb7+ $1 $16 Kf6 52. Bg8 {Hoping for Rf7+. White is more active.} Bd6 53. b5 Ra3 54. Rf7+ Kg5 (54... Ke5 $14) 55. Bh7 Ra2+ (55... Rb3 $16) 56. Kd3 $18 h5 57. Ke4 {Weighted Error Value: White=0.14 (very precise) /Black=0.19 (very precise)} 1-0